Word Ladder: 'Dream Police' Band Quiz Stats

 Plays Quiz Updated Dec 17, 2012

Support Sporcle.
Go Orange.
Score 0/17 Timer 02:00
0 Plays Today
Hint Word % Correct
Either side of the face below the eyeCHEEK
94.2%
A baby birdCHICK
92.6%
Opposite of thinTHICK
92.6%
To investigate or verifyCHECK
92.6%
'Without a ___' : TV crime showTRACE
86.7%
Sound that a baby bird makesCHEEP
85.2%
It is marked by a tombstoneGRAVE
84.6%
First Pixar film with a heroineBRAVE
74.7%
Park ___, property in the Boardwalk monopolyPLACE
72.8%
Hint Word % Correct
An object that supports or holdsBRACE
70.2%
Kelly who married Prince RainierGRACE
69.9%
With [Rung 1], 'Dream Police' band•TRICK•
67.9%
With [Rung 7], 'Dream Police' band•CHEAP•
66.5%
A brief instant of timeTRICE
60.1%
Having a smooth, glossy surfaceGLACÉ
55.4%
Spy Valerie outed in 2003 CIA leakPLAME
21.7%
1988 song by [Rung 1] [Rung 7], with 'The'FLAME
17.7%

Today's Daily Dose

Missing Word
'80s Musicals

Word Ladder
Hereditary

Get the Picture
Food Names

From the Vault

Single Letter Answers

by Kicking222

If U manage 2 get every 1, U must B smart!
Remove Ads.
Support Sporcle.
Get the best of Sporcle when you Go Orange. This ad-free experience offers more features, more stats, and more fun while also helping to support Sporcle. Thank you for becoming a member.

Show Comments

Extras

Top Quizzes Today


Score Distribution

Your Account Isn't Verified!

In order to create a playlist on Sporcle, you need to verify the email address you used during registration. Go to your Sporcle Settings to finish the process.

Report this User

Report this user for behavior that violates our Community Guidelines.

Details: